प्रारम्भिक रसायन विज्ञान / (Record no. 50514)

MARC details
000 -LEADER
fixed length control field 01121nam a22002657a 4500
005 - DATE AND TIME OF LATEST TRANSACTION
control field 20110214110156.0
008 - FIXED-LENGTH DATA ELEMENTS--GENERAL INFORMATION
fixed length control field 090211t xxu||||| |||| 00| 0 hin d
010 ## - LCCN (DPL NO)
LC control number HIN-91860
020 ## - INTERNATIONAL STANDARD BOOK NUMBER
International Standard Book Number 8188495115
Terms of availability 125.00
035 ## - SYSTEM CONTROL NUMBER
System control number HN-64206
037 ## - SOURCE OF ACQUISITION
Source of stock number/acquisition DBAD / PUB
040 ## - CATALOGING SOURCE
Original cataloging agency DPL
Language of cataloging HN
082 ## - DEWEY DECIMAL CLASSIFICATION NUMBER
Classification number 540
100 ## - MAIN ENTRY--PERSONAL NAME
9 (RLIN) 25892
Personal name पचौरी, कृष्णकांत
245 ## - TITLE STATEMENT
Title प्रारम्भिक रसायन विज्ञान /
Statement of responsibility, etc कृष्णकांत पचौरी
246 ## - VARYING FORM OF TITLE
Title proper/short title Prarambhik Rsayan Vigyan
Remainder of title by Krishankant Panchori
260 ## - PUBLICATION, DISTRIBUTION, ETC. (IMPRINT)
Place of publication, distribution, etc मथुरा
Name of publisher, distributor, etc रमन बुक सेंटर
Date of publication, distribution, etc 2009
270 ## - ADDRESS
Address 1940, बाढ़पुरा कॉलोनी, सदर रोड
City मथुरा
Postal code 281001 (उ.प्र.)
300 ## - PHYSICAL DESCRIPTION
Extent 72पृ.
Dimensions 22सेमी (सजिल्द)
Other physical details सचित्र
650 ## - SUBJECT ADDED ENTRY--TOPICAL TERM
9 (RLIN) 1169
650 ## - SUBJECT ADDED ENTRY--TOPICAL TERM
9 (RLIN) 25893
700 ## - ADDED ENTRY--PERSONAL NAME
9 (RLIN) 25894
942 ## - ADDED ENTRY ELEMENTS (KOHA)
Source of classification or shelving scheme Dewey Decimal Classification
Item type Hindi Books
Classification part 540
Call number suffix पचौरी
Holdings
Withdrawn status Lost status Source of classification or shelving scheme Damaged status Not for loan Collection code Home library Current library Date acquired Source of acquisition Cost, normal purchase price Total Checkouts Full call number Barcode Date last seen Copy number Cost, replacement price Koha item type
    Dewey Decimal Classification   Not For Loan Non-fiction D.B.Act.Division D.B.Act.Division 14/02/2011 DBAD /PUB 125.00   540 पचौरी HN-64206 14/02/2011 1 125.00 Hindi Books

© Delhi Public Library
Hit Counter
free hit counter